An introduction to probability theory and mathematical statistics

Salvato in:
Dettagli Bibliografici
Autore principale: Rohatgi, V. K (Autore)
Natura: Libro
Lingua:inglese
Pubblicazione: Nueva York John Wiley and Sons 1976
Serie:Wiley Series in Probability and Mathematical Statistics
Soggetti:
Tags: Aggiungi Tag
Nessun Tag, puoi essere il primo ad aggiungerne!!

MARC

LEADER 00000nam a2200000 a 4500
001 UCP1015
003 CL-VaPUC
008 990326e19760000US |||||||||||||||||eng|d
082 0 4 |a 519.2  |b ROH  |2 21 
100 0 |a Rohatgi, V. K  |e author  |9 426741 
245 1 3 |a An introduction to probability theory and mathematical statistics 
300 |a 684 p 
942 |c BK 
945 |d 19990326 00:00:00  |a crobeson 
260 |a Nueva York  |b John Wiley and Sons  |c 1976 
650 0 |a Teoría de probabilidades   |9 336944 
650 0 |a Estadística matemática  |9 260028 
650 0 |a Muestreo (Estadística)  |9 270232 
650 0 |a Variables aleatorias   |9 270745 
650 7 |a DISTRIBUCION  |2 CL-VaPUC  |9 263761 
650 0 |a Inferencia estadística  |9 312855 
583 |a last modification  |c 19990326 00:00:00  |k Rodrigo Vera 
490 0 |a Wiley Series in Probability and Mathematical Statistics 
999 |c 279737  |d 279735 
952 |0 0  |1 0  |4 0  |6 519_200000000000000_ROH_1976  |7 0  |8 A  |9 319512  |a BIBGIM  |b BIBGIM  |d 2019-11-20  |i 1333240  |o 519.2 ROH 1976  |p 1333240  |r 2025-01-15  |w 2019-11-20  |y BK  |k EST